| 000 | 00732nam a22002657a 4500 | ||
|---|---|---|---|
| 003 | CHAP | ||
| 005 | 20220329133747.0 | ||
| 008 | 971013s1946 r 00010 d | ||
| 010 | _a10471 | ||
| 011 | _a11443 | ||
| 035 | _a10681 | ||
| 040 | _cCHAP | ||
| 082 |
_a338.523 _bC43y |
||
| 100 | 0 | 0 |
_aChamberlin, Edward Hasting. _921765 |
| 245 | _aTeoría de la competencia monopólica | ||
| 260 |
_aMéxico. D.F. : _bFCE, _c1946 |
||
| 300 | _a375 p | ||
| 590 |
_aBATCH-UPD _b10 _c20130110 _lUCH01 _h1019 |
||
| 590 |
_aCONVERSION _b10 _c20130109 _lUCH01 _h1307 |
||
| 650 | 1 | 4 |
_aCompetencia. _926091 |
| 650 | 1 | 4 |
_aMonopolios. _977622 |
| 901 | _aBK | ||
| 942 | _cLIBRO | ||
| 949 |
_a338.523 C43y _bBC _cLIBRO _d-22419 _eLIBRO _h6143 _i10681 _si |
||
| 999 |
_c10471 _d10471 |
||